| 000 | 01206nam a2200253 a 4500 | ||
|---|---|---|---|
| 001 | 53928 | ||
| 003 | BD-RjUL | ||
| 005 | 20211209080038.0 | ||
| 008 | 161029s1955 enkp|||| |||| 001 0 eng d | ||
| 035 | _a(BD-RjUL)54050 | ||
| 040 |
_aBD-RjUL _beng _cBD-RjUL _dBD-RjUL |
||
| 041 | _aeng | ||
| 082 |
_223 _a592 _bHYI 1955 |
||
| 100 |
_aHyman, Libbie Henrietta _9161052 |
||
| 245 | 1 | 4 |
_aThe invertebrates / _cLibbie Henrietta Hyman |
| 260 |
_aNew York : _bMcGraw-Hill Book Company, _cc1940 c1951c1955, c1967 [reprinted 1959] |
||
| 300 |
_aV. : _bill, ; _c24 cm. |
||
| 490 | _aMcGraw-Hill publications in the zoological sciences | ||
| 500 | _aInclude index | ||
| 505 | 0 | 1 | _aV. 1 Protozoa through Ctenophora -- V.2 Platyhelminthes and rhynchocoela the acoelomate bilateria.--Vol. 3 Acanthocephala, Aschelminthes, and Entoprocta, the pseudocoelomate Bilateria -- V. 4 Echinodermata, The coelomate bilateria -- V. 5 Smaller coelomate groups, chaetognatha, hemichordata, pogonophora, phoronida, ectoprocta, brachiopoda, sipunculida : the coelomate bilateria -- V.6. Mollusca -- |
| 650 |
_aInvertebrates. _9161053 |
||
| 830 |
_aMcGraw-Hill publications in the zoological sciences _9227234 |
||
| 942 |
_2ddc _cBK |
||
| 999 |
_c53928 _d53928 |
||